Aspects of manuscriptology / (Record no. 139341)

MARC details
000 -LEADER
fixed length control field 00566nam a22001937a 4500
005 - DATE AND TIME OF LATEST TRANSACTION
control field 20170427171643.0
010 ## - LCCN (DPL NO)
LC control number ENG-117975
020 ## - INTERNATIONAL STANDARD BOOK NUMBER
International Standard Book Number 9789381574461
Terms of availability 200.00
035 ## - SYSTEM CONTROL NUMBER
System control number EN-101507
037 ## - SOURCE OF ACQUISITION
Source of stock number/acquisition DBAD/PUB
082 ## - DEWEY DECIMAL CLASSIFICATION NUMBER
Classification number 015.54
245 ## - TITLE STATEMENT
Title Aspects of manuscriptology /
Statement of responsibility, etc edited by Ratna Basu [and] Karunasinhu Das
260 ## - PUBLICATION, DISTRIBUTION, ETC. (IMPRINT)
Place of publication, distribution, etc Kolkata
Name of publisher, distributor, etc The Asiatic Society
Date of publication, distribution, etc 2016
270 ## - ADDRESS
Address 1 Park Street
City Kolkata
Postal code 700016
300 ## - PHYSICAL DESCRIPTION
Extent x, 181p.
Dimensions 22cm(pbk)
700 ## - ADDED ENTRY--PERSONAL NAME
Personal name Basu,Ratna
700 ## - ADDED ENTRY--PERSONAL NAME
Personal name Das,Karunasindhu
942 ## - ADDED ENTRY ELEMENTS (KOHA)
Source of classification or shelving scheme Dewey Decimal Classification
Item type English Books
Classification part 015.54
Call number suffix ASP
Holdings
Withdrawn status Lost status Not for loan Collection code Home library Current library Date acquired Source of acquisition Cost, normal purchase price Full call number Barcode Copy number Cost, replacement price Koha item type
    Not For Loan Non-fiction D.B.Act.Division Bawana 27/04/2017 DBAD/PUB 200.00 015.54 ASP EN-101507 1 200.00 English Books

© Delhi Public Library
Hit Counter
free hit counter